Histoire critique des règnes de Childérich et de Chlodovech / (Record no. 177691)

MARC details
000 -LEADER
campo de control de longitud fija 01105namaa2200241 i 4500
001 - NÚMERO DE CONTROL
campo de control 177691
003 - IDENTIFICADOR DE NÚMERO DE CONTROL
campo de control ES-MaACL
005 - FECHA Y HORA DE LA ÚLTIMA TRANSACCIÓN
campo de control 20250726075520.0
008 - DATOS DE LONGITUD FIJA--INFORMACIÓN GENERAL
campo de control de longitud fija 110412s1879 fr | |||| ||fre d
100 1# - ENTRADA PRINCIPAL--NOMBRE DE PERSONA
Nombre de persona Junghans, Wilhelm (
Fechas asociadas al nombre 1834-1865)
9 (RLIN) 146145
245 10 - MENCIÓN DEL TÍTULO
Título Histoire critique des règnes de Childérich et de Chlodovech /
Mención de responsabilidad, etc. par W. Junghans ; traduite par M. Gabriel Monod... et augmentée d'une introduction et de notes nouvelles.
260 ## - PUBLICACIÓN, DISTRIBUCIÓN, ETC.
Lugar de publicación, distribución, etc. Paris :
Nombre del editor, distribuidor, etc. F. Vieweg,
Fecha de publicación, distribución, etc. 1879.
300 ## - DESCRIPCIÓN FÍSICA
Extensión XV, 165 p. ;
Dimensiones 25 cm.
490 1# - MENCIÓN DE SERIE
Mención de serie Bibliothéque de l'École des hautes études. Sciences philologiques et historiques ;
Designación de volumen o secuencia fasc. 37
600 04 - PUNTO DE ACCESO ADICIONAL DE MATERIA--NOMBRE DE PERSONA
Nombre de persona Childerico
Numeración I
Títulos y otros términos asociados al nombre rey de los francos.
9 (RLIN) 146146
600 04 - PUNTO DE ACCESO ADICIONAL DE MATERIA--NOMBRE DE PERSONA
Nombre de persona Clodoveo
Numeración 1
Títulos y otros términos asociados al nombre Rey de los Francos.
9 (RLIN) 156492
651 #4 - PUNTO DE ACCESO ADICIONAL DE MATERIA--NOMBRE GEOGRÁFICO
Nombre geográfico Francia-
Subdivisión general Historia-
Subdivisión cronológica 476-687, Merovingios.
9 (RLIN) 146090
651 #4 - PUNTO DE ACCESO ADICIONAL DE MATERIA--NOMBRE GEOGRÁFICO
Nombre geográfico Francia-
Subdivisión general Historia-
Subdivisión cronológica 481-511, Clodoveo I.
9 (RLIN) 156491
700 1# - ENTRADA AGREGADA--NOMBRE PERSONAL
Nombre de persona Monod, Gabriel.
9 (RLIN) 82255
830 10 - PUNTO DE ACCESO ADICIONAL DE SERIE-TÍTULO UNIFORME
Título uniforme Bibliothèque de l'École des Hautes Études. Sciences historiques et philologiques
Designación de volumen o secuencia fasc. 37
9 (RLIN) 229685
852 ## - LOCALIZACIÓN
Ubicación ES-MaACL
Número de control de estantería C-7576
Holdings
Estatus retirado Estado de pérdida Estado de daño No para préstamo Colección Biblioteca de origen Biblioteca actual Ubicación en estantería Fecha de adquisición Fuente de adquisición Total de préstamos Signatura topográfica completa Código de barras Visto por última vez Precio de reemplazo Tipo de ítem Koha
        Libros del s. XIX Biblioteca del Ateneo de Madrid Biblioteca del Ateneo de Madrid Sala Palomar 12/04/2011     C-7576 1186642 23/02/2023 23/02/2023 Libro impreso antiguo